000 00589cam a22002053a 4500
001 43916
003 PGUSA
005 20140828084012.0
008 131009s2013||||xxu|||||s|||||000 | eng d
040 _aPGUSA
_beng
042 _adc
100 1 _aIsham, Frederic Stewart,
_d1866-1922
245 1 0 _aNothing But the Truth
_h[electronic resource] /
_cFrederic Stewart Isham
260 _bProject Gutenberg,
_c2013
506 _aPublic domain in the USA.
516 _aElectronic text
830 0 _aProject Gutenberg
_v43916
856 4 0 _uhttp://www.gutenberg.org/ebooks/43916
942 _cEB
999 _c273167
_d273167